00589nam a2200193Ia 450000500170000000800410001702000180005804100120007608200130008810000140010124500150011525000080013026000460013850000150018465000200019994200070021995201500022699900190037620240823021045.0240823s9999||||xx |||||||||||||| ||und|| a81-224-1913-5 aENGLISH A665.7 P6 aYahya S M 0aGas Tables a5th c2006bNew Age International (PaNew Delhi aTransfered aGasbMechanical cBK 00104070aNICHELIBbNICHELIBcExamcelld2006-11-30eHigginbothams Private Ltdg100.00l0o665.7 P6p29836r2024-08-23 02:10:45w2024-08-23yBK c176188d176188